|
|
|
|
| LEADER |
02019nam a2200421 a 4500 |
| 001 |
16820 |
| 003 |
BD-DhAAL |
| 008 |
090730r1998 enk b 000 1 eng d |
| 010 |
|
|
|a 98218821
|
| 020 |
|
|
|a 0192833561
|
| 040 |
|
|
|a DLC
|c DLC
|d BD-DhAAL
|
| 082 |
0 |
0 |
|a 823.8
|2 21
|
| 100 |
1 |
|
|a Bronte, Charlotte,
|d 1816-1855.
|
| 245 |
1 |
0 |
|a Jane Eyre /
|c Charlotte Brontë ; edited with an introduction by Margaret Smith.
|
| 260 |
|
|
|a Oxford ;
|a New York :
|b Oxford University Press,
|c 1998.
|
| 300 |
|
|
|a xxxv, 496 pages ;
|c 20 cm
|
| 490 |
1 |
|
|a Oxford world's classics
|
| 504 |
|
|
|a Includes bibliographical references (pages [xxx]-xxxiii).
|
| 526 |
|
|
|a ENH
|x Rukhsana R. Chowdhury
Faculty member of English and Humanities (ENH)
Course Title and No. : N/A
|
| 541 |
1 |
|
|a Paragon Enterprises LTD
|e 16820, 16821
|
| 650 |
|
0 |
|a Governesses
|v Fiction.
|
| 650 |
|
0 |
|a Fathers and daughters
|v Fiction.
|
| 650 |
|
0 |
|a Mentally ill women
|v Fiction.
|9 2761
|
| 650 |
|
0 |
|a Charity-schools
|v Fiction.
|
| 650 |
|
0 |
|a Married people
|v Fiction.
|
| 650 |
|
0 |
|a Country homes
|v Fiction.
|
| 650 |
|
0 |
|a Young women
|v Fiction.
|
| 650 |
|
0 |
|a Orphans
|v Fiction.
|
| 651 |
|
0 |
|a England
|v Fiction.
|
| 655 |
|
7 |
|a Bildungsromans.
|2 gsafd
|
| 655 |
|
7 |
|a Love stories.
|2 gsafd
|
| 700 |
1 |
|
|a Smith, Margaret,
|d 1931-
|9 57263
|
| 830 |
|
|
|a Oxford world's classics
|
| 852 |
4 |
|
|a Ayesha Abed Library
|c General Stacks
|
| 942 |
0 |
0 |
|0 1
|2 ddc
|c BK
|
| 999 |
|
|
|c 2997
|d 2997
|
| 952 |
|
|
|0 0
|1 0
|2 ddc
|4 0
|6 823_800000000000000_BRO_1998
|7 0
|9 2712
|a BRACUL
|b BRACUL
|c GEN
|d 2009-08-18
|e Paragon Enterprises LTD
|g 358.00
|l 17
|m 108
|o 823.8 BRO
|p 3010016821
|r 2025-08-10
|s 2025-07-20
|t 2
|w 2009-08-18
|y BK
|x Requisitioned by Rukhsana R. Chowdhury, Faculty member of English and Humanities (ENH).
|
| 952 |
|
|
|0 0
|1 0
|2 ddc
|4 0
|6 823_800000000000000_BRO_1998
|7 0
|9 10679
|a BRACUL
|b BRACUL
|c GEN
|d 2010-06-06
|e Paragon Enterprises LTD
|g 358.00
|l 12
|m 74
|o 823.8 BRO
|p 3010016820
|q 2026-05-14
|r 2025-03-06
|s 2025-03-06
|t 1
|w 2010-06-06
|y BK
|x Requisitioned by Rukhsana R. Chowdhury, Faculty member of English and Humanities (ENH).
|